LEADER 01859nas 2200637- 450 001 996202429603316 005 20221207213019.0 011 $a1734-1515 035 $a(DE-599)ZDB2177242-3 035 $a(OCoLC)646947697 035 $a(CKB)110975506069571 035 $a(CONSER)--2022204037 035 $a(EXLCZ)99110975506069571 100 $a20100712a19729999 --- a 101 0 $aeng 135 $aurbn||||||abp 135 $aurbn||||||ada 181 $ctxt$2rdacontent 182 $cc$2rdamedia 183 $acr$2rdacarrier 200 00$aActa ichthyologica et piscatoria 210 $aSzczecin, Poland$cAcademy of Agriculture 210 3 $aSofia, Bulgaria $cPensoft 215 $a1 online resource (volumes)$cillustrations 300 $aRefereed/Peer-reviewed 300 $a"An international journal for ichthyology and fisheries." 311 $a0137-1592 517 1 $aAIEP 531 $aACTA ICHTHYOL PISCAT 531 $aACTA ICHTHYOL PISCATORIA 531 $aACTA ICHTHYOL. PISCAT 606 $aFishes$vPeriodicals 606 $aFisheries$vPeriodicals 606 $aFisheries$zPoland$vPeriodicals 606 $aPoissons$vPériodiques 606 $aPêches$vPériodiques 606 $aPêches$zPologne$vPériodiques 606 $aFisheries$2fast$3(OCoLC)fst00926051 606 $aFishes$2fast$3(OCoLC)fst00926361 606 $aIchthyologie$2gtt 607 $aPoland$2fast 608 $aPeriodicals.$2fast 615 0$aFishes 615 0$aFisheries 615 0$aFisheries 615 6$aPoissons 615 6$aPêches 615 6$aPêches 615 7$aFisheries. 615 7$aFishes. 615 17$aIchthyologie. 712 02$aAkademia Rolnicza w Szczecinie. 906 $aJOURNAL 912 $a996202429603316 996 $aActa ichthyologica et piscatoria$91931678 997 $aUNISA LEADER 03722nam 2201165z- 450 001 9910576871903321 005 20220621 035 $a(CKB)5720000000008457 035 $a(oapen)https://directory.doabooks.org/handle/20.500.12854/84541 035 $a(oapen)doab84541 035 $a(EXLCZ)995720000000008457 100 $a20202206d2022 |y 0 101 0 $aeng 135 $aurmn|---annan 181 $ctxt$2rdacontent 182 $cc$2rdamedia 183 $acr$2rdacarrier 200 00$aOptimising Soilless Culture Systems and Alternative Growing Media to Current Used Materials 210 $aBasel$cMDPI - Multidisciplinary Digital Publishing Institute$d2022 215 $a1 online resource (180 p.) 311 08$a3-0365-3901-8 311 08$a3-0365-3902-6 330 $aThis book represents a Special Issue collection called: "Optimising Soilless Culture Systems and Alternative Growing Media to Current Used Materials". Nine original papers, one review, and an Editorial from 41 authors from different countries were published in this Special Issue. New strategies and technologies, including new sustainable raw materials, should be continually developed to solve specific cultivation limitations, optimise existing systems, reduce related environmental impacts, and address the impacts of climate change. 606 $aResearch & information: general$2bicssc 610 $aalder 610 $aamino acids 610 $aammonium uptake 610 $aAquaponics 610 $aascorbic acid 610 $abasil 610 $acarbon dioxide 610 $acarotenoids 610 $acascade hydroponics 610 $acattail 610 $aCH4 610 $aCO2 610 $acompost 610 $acontainer 610 $acucumber yield 610 $adecision tree 610 $aDPPH 610 $afeasibility 610 $aflavonoids 610 $aFRAP 610 $agreenhouse 610 $agreenhouse gases 610 $agrowing media 610 $aheather 610 $ahydroponic 610 $airrigation frequency 610 $aleachate pH 610 $alighting 610 $amethane 610 $amodeling 610 $an/a 610 $aN2O 610 $aNH4+ 610 $anitrification 610 $anitrous oxide 610 $aNO3? 610 $anutrient solution 610 $anutrients 610 $aorganic fertilizer 610 $aorganic substrates 610 $aoxygenation 610 $apeat 610 $apeat reduction 610 $apeat substitute 610 $aphenolic compounds 610 $aphenols 610 $aphotosynthetic pigments 610 $aplant-microorganism relationships 610 $aQ10 610 $areed 610 $aribotypes 610 $aroot exudates 610 $aroot restriction 610 $arootzone pH 610 $arootzone temperature 610 $asalinity 610 $asoilless cucumber 610 $asoilless culture systems 610 $asouthern highbush blueberry 610 $aSpinacia oleracea 610 $asubstrate 610 $asubstrates 610 $asuppressiveness 610 $aTrichoderma harzianum 610 $aVaccinium corymbosum 610 $avapour pressure deficit 610 $avermicompost leachate 615 7$aResearch & information: general 700 $aGruda$b Nazim$4edt$01307628 702 $aFerna?ndez$b Juan A$4edt 702 $aGruda$b Nazim$4oth 702 $aFerna?ndez$b Juan A$4oth 906 $aBOOK 912 $a9910576871903321 996 $aOptimising Soilless Culture Systems and Alternative Growing Media to Current Used Materials$93028874 997 $aUNINA